[Event "CAN op"]
[Site "Hamilton CAN"]
[Date "2022.07.13"]
[Round "3.42"]
[White "Oancea, Nicolae"]
[Black "Yang, Larry"]
[Result "1-0"]
[WhiteElo "2005"]
[BlackElo "1807"]
[PlyCount "65"]
[EventDate "2022.07.12"]
[EventType "swiss"]
[EventRounds "9"]
[EventCountry "CAN"]

1. e4 e5 2. Nf3 Nc6 3. d4 exd4 4. Nxd4 Bc5 5. Nb3 Bb6 6. Nc3 Nf6 7. Bg5 d6 8.
Qe2 h6 9. Bh4 O-O 10. O-O-O Be6 11. f3 a5 12. Nd5 Bxd5 13. exd5 a4 14. Nd2 Nb4
15. Ne4 g5 16. Bf2 Nxe4 17. fxe4 Bxf2 18. Qxf2 Nxa2+ 19. Kb1 Nb4 20. Qd4 Na6
21. h4 a3 22. hxg5 a2+ 23. Ka1 Qxg5 24. Be2 Qg7 25. Qd2 Qg5 26. Qe1 Nc5 27. Rh4
Kh7 28. Rg4 Qe5 29. Qd2 Na4 30. Qc1 Rh8 31. Rh1 Qf6 32. e5 dxe5 33. Bd3+ 1-0

[Event "CAN op"]
[Site "Hamilton CAN"]
[Date "2022.07.13"]
[Round "3.43"]
[White "Young, Alex"]
[Black "Kim, Noah"]
[Result "1-0"]
[WhiteElo "1713"]
[BlackElo "2000"]
[PlyCount "79"]
[EventDate "2022.07.12"]
[EventType "swiss"]
[EventRounds "9"]
[EventCountry "CAN"]

1. d4 Nf6 2. Bf4 g6 3. Nc3 d5 4. Qd2 a6 5. f3 b5 6. a3 Bb7 7. Bh6 Nbd7 8. Nh3
c5 9. Bxf8 Rxf8 10. e3 Rc8 11. Be2 Nb6 12. O-O Qc7 13. Nf2 e6 14. Rfc1 Ke7 15.
Ncd1 c4 16. Nc3 e5 17. Re1 Rfd8 18. Ng4 Nfd7 19. f4 e4 20. Nh6 Qd6 21. g4 Kf8
22. g5 f5 23. gxf6 Nxf6 24. Ng4 Nxg4 25. Bxg4 Rc7 26. Qf2 Bc8 27. Qh4 Qe7 28.
Qh6+ Kg8 29. Bxc8 Nxc8 30. Kh1 Qf7 31. Rg1 Ne7 32. f5 Nxf5 33. Qg5 Rf8 34. Raf1
Rd7 35. Ne2 Qe7 36. Rxf5 Qxg5 37. Rxf8+ Kxf8 38. Rxg5 a5 39. Nf4 b4 40. a4 1-0

[Event "CAN op"]
[Site "Hamilton CAN"]
[Date "2022.07.13"]
[Round "3.44"]
[White "Chen, Rachel Ruoxuan"]
[Black "Wang, Andy"]
[Result "1-0"]
[WhiteElo "1988"]
[BlackElo "1806"]
[PlyCount "75"]
[EventDate "2022.07.12"]
[EventType "swiss"]
[EventRounds "9"]
[EventCountry "CAN"]

1. e4 e5 2. Nf3 Nc6 3. Bc4 Bc5 4. c3 Nf6 5. d3 h6 6. O-O O-O 7. Re1 d6 8. Nbd2
Be6 9. Bxe6 fxe6 10. b4 Bb6 11. a4 a6 12. Nc4 Ba7 13. Ra2 Nd7 14. b5 axb5 15.
axb5 Ne7 16. Ba3 Bc5 17. Qa1 Bxa3 18. Rxa3 Rxa3 19. Qxa3 Qa8 20. Qb4 Nc5 21.
Ncxe5 b6 22. d4 Nxe4 23. c4 Re8 24. Nd3 d5 25. Nf4 Qc8 26. Qb3 g5 27. Nd3 Nd6
28. c5 Ne4 29. Nfe5 bxc5 30. dxc5 c6 31. b6 Qb7 32. Rxe4 dxe4 33. Qxe6+ Kh8 34.
Qxh6+ Kg8 35. Qe6+ Kh8 36. Qf6+ Kh7 37. Qf7+ Kh6 38. Ng4# 1-0

[Event "CAN op"]
[Site "Hamilton CAN"]
[Date "2022.07.13"]
[Round "3.45"]
[White "Jizan, Masoud"]
[Black "Su, Ethan"]
[Result "0-1"]
[WhiteElo "1694"]
[BlackElo "1987"]
[PlyCount "72"]
[EventDate "2022.07.12"]
[EventType "swiss"]
[EventRounds "9"]
[EventCountry "CAN"]

1. e4 c5 2. Nf3 d6 3. Nc3 Nc6 4. b3 Nf6 5. Bb2 a6 6. d4 cxd4 7. Nxd4 e5 8. Nf3
b5 9. Qd3 Bb7 10. Be2 Qc7 11. O-O Nd8 12. Rad1 Ne6 13. Ba3 Nf4 14. Qe3 Qxc3 15.
Bd3 Qc7 16. g3 Nxd3 17. Rxd3 Nxe4 18. Rfd1 f6 19. Nh4 d5 20. Bxf8 Rxf8 21. f3
Nd6 22. Rc3 Qd8 23. Rcd3 Kf7 24. Qd2 Qb6+ 25. Kf1 Kg8 26. g4 b4 27. Ng2 a5 28.
h4 Ba6 29. Ne3 Bxd3+ 30. Qxd3 Qb5 31. Nxd5 Qxd3+ 32. Rxd3 Nb5 33. Ne7+ Kf7 34.
Nc6 Nd4 35. Nxd4 exd4 36. Rxd4 Rfd8 0-1

[Event "CAN op"]
[Site "Hamilton CAN"]
[Date "2022.07.13"]
[Round "3.46"]
[White "Guo, Veronica (Yu Han)"]
[Black "Jiang, Barron Jiyu"]
[Result "1-0"]
[WhiteElo "1984"]
[BlackElo "1791"]
[PlyCount "99"]
[EventDate "2022.07.12"]
[EventType "swiss"]
[EventRounds "9"]
[EventCountry "CAN"]

1. d4 Nf6 2. c4 e5 3. dxe5 Ng4 4. Nf3 Bc5 5. e3 Nc6 6. Nc3 a5 7. Ne4 Bb4+ 8.
Bd2 Bxd2+ 9. Qxd2 Ngxe5 10. Be2 d6 11. Nd4 O-O 12. Nc3 Ne7 13. O-O c6 14. Rad1
Qc7 15. f4 Nd7 16. Nf3 Nc5 17. e4 f5 18. e5 dxe5 19. Nxe5 Be6 20. Qe3 b6 21.
Nd3 Ne4 22. Nc1 Rf6 23. Nxe4 fxe4 24. Qxe4 Raf8 25. b3 b5 26. Rf2 Ng6 27. g3
Bf5 28. Qd4 b4 29. Qc5 Be4 30. Rdf1 Bf5 31. Bd3 Bh3 32. Re1 Bf5 33. Bxf5 Rxf5
34. Qe3 h5 35. Qe6+ Kh7 36. Nd3 R8f6 37. Qe2 Kg8 38. Qe8+ Nf8 39. Re5 Rxe5 40.
fxe5 Rxf2 41. Kxf2 c5 42. e6 Qd6 43. Qf7+ Kh7 44. Qxh5+ Kg8 45. Qf7+ Kh7 46. e7
Qd4+ 47. Ke2 Qg4+ 48. Kd2 Qg5+ 49. Nf4 Qe5 50. Qh5+ 1-0

[Event "CAN op"]
[Site "Hamilton CAN"]
[Date "2022.07.13"]
[Round "3.47"]
[White "Hasku, Dashnor"]
[Black "Joseph, Jonath"]
[Result "1-0"]
[WhiteElo "1963"]
[BlackElo "1782"]
[PlyCount "61"]
[EventDate "2022.07.12"]
[EventType "swiss"]
[EventRounds "9"]
[EventCountry "CAN"]

1. e4 e5 2. Nf3 Nc6 3. Bc4 Bc5 4. d4 exd4 5. c3 Nf6 6. e5 d5 7. exf6 dxc4 8.
Qe2+ Be6 9. fxg7 Rg8 10. Bg5 Be7 11. Bxe7 Qxe7 12. cxd4 O-O-O 13. Nc3 Qf6 14.
O-O-O Nb4 15. Ne5 Rxg7 16. g3 Nd5 17. Ne4 Qh6+ 18. Qd2 Qh5 19. Nxc4 Bg4 20.
Rde1 Bf3 21. Rhg1 Qf5 22. Nc5 Rg4 23. Ne5 Nb4 24. Qxb4 Rgxd4 25. Qa3 a6 26. g4
Bxg4 27. Rxg4 Qxf2 28. Ned3 Qf6 29. Rxd4 Qxd4 30. Qb4 Qxb4 31. Nxb4 1-0

[Event "CAN op"]
[Site "Hamilton CAN"]
[Date "2022.07.13"]
[Round "3.48"]
[White "Chen, Richard"]
[Black "Deshpande, Sarthak"]
[Result "1-0"]
[WhiteElo "1955"]
[BlackElo "1595"]
[PlyCount "113"]
[EventDate "2022.07.12"]
[EventType "swiss"]
[EventRounds "9"]
[EventCountry "CAN"]

1. e4 c6 2. d4 d5 3. Nc3 dxe4 4. Nxe4 Nf6 5. Nxf6+ exf6 6. Bf4 Bd6 7. Bxd6 Qxd6
8. Nf3 O-O 9. Be2 Bg4 10. O-O Nd7 11. h3 Bh5 12. c3 Rfe8 13. Re1 Rad8 14. Nd2
Bxe2 15. Rxe2 Rxe2 16. Qxe2 Qe6 17. Re1 Re8 18. Kf1 Qxe2+ 19. Rxe2 Rxe2 20.
Kxe2 Kf8 21. Kd3 Ke7 22. c4 f5 23. d5 c5 24. a3 g5 25. b4 b6 26. Nb3 Kd6 27.
bxc5+ bxc5 28. Na5 Kc7 29. Nc6 a6 30. a4 f6 31. a5 Kd6 32. g4 Ne5+ 33. Nxe5
Kxe5 34. Ke3 f4+ 35. Kf3 f5 36. Ke2 fxg4 37. hxg4 Kf6 38. Kd2 Ke7 39. Kd3 Kf7
40. Ke4 Kf6 41. d6 Ke6 42. d7 Kxd7 43. Kd5 Kd8 44. Kxc5 Kc7 45. Kd5 Kd7 46. c5
Kc7 47. c6 Kc8 48. Kd6 Kd8 49. c7+ Kc8 50. Kc6 f3 51. Kd6 h5 52. gxh5 g4 53. h6
g3 54. h7 gxf2 55. h8=Q+ Kb7 56. c8=Q+ Ka7 57. Qb8# 1-0

[Event "CAN op"]
[Site "Hamilton CAN"]
[Date "2022.07.13"]
[Round "3.49"]
[White "Gaisinsky, Jacob"]
[Black "Yuen, Noah Nathaniel"]
[Result "1/2-1/2"]
[WhiteElo "1568"]
[BlackElo "1954"]
[PlyCount "97"]
[EventDate "2022.07.12"]
[EventType "swiss"]
[EventRounds "9"]
[EventCountry "CAN"]

1. e4 c5 2. Nf3 Nc6 3. d4 cxd4 4. Nxd4 g6 5. Nc3 Bg7 6. Be3 Nf6 7. Bc4 O-O 8.
f3 Qb6 9. Bb3 Nxe4 10. Nd5 Qa5+ 11. c3 Nc5 12. Nxc6 bxc6 13. Nxe7+ Kh8 14. Nxc8
Raxc8 15. O-O d5 16. Bd4 Ne6 17. Bxg7+ Kxg7 18. Re1 Rfe8 19. Qd2 Qb6+ 20. Kh1
Rcd8 21. Rad1 Rd7 22. Qe3 Red8 23. Qe5+ Kg8 24. Re2 Qa6 25. h3 c5 26. a3 Rd6
27. Rdd2 d4 28. cxd4 cxd4 29. Qg3 d3 30. Re1 Nd4 31. Ba2 Qa5 32. Red1 Nf5 33.
Qf2 h5 34. Bb1 Qa6 35. Kh2 h4 36. Qc5 Rd5 37. Qc3 Ne3 38. Re1 Qb6 39. Rxd3 Rxd3
40. Bxd3 Qd6+ 41. Kh1 Nxg2 42. Kxg2 Qg3+ 43. Kf1 Qxf3+ 44. Kg1 Qg3+ 45. Kh1
Qxh3+ 46. Kg1 Qg3+ 47. Kh1 Qf3+ 48. Kg1 Qg4+ 49. Kh1 1/2-1/2

[Event "CAN op"]
[Site "Hamilton CAN"]
[Date "2022.07.13"]
[Round "3.50"]
[White "He, Matthew"]
[Black "Xie, Irene"]
[Result "1-0"]
[WhiteElo "1945"]
[BlackElo "1455"]
[PlyCount "71"]
[EventDate "2022.07.12"]
[EventType "swiss"]
[EventRounds "9"]
[EventCountry "CAN"]

1. d4 d6 2. Nf3 g6 3. c4 Bg7 4. Nc3 Nf6 5. e4 Bg4 6. Be2 Nc6 7. d5 Nb8 8. h3
Bxf3 9. Bxf3 Nbd7 10. Bg5 e5 11. O-O O-O 12. b4 a5 13. a3 b6 14. Qd3 h6 15. Be3
Nh7 16. Qd2 Ng5 17. Be2 f5 18. f3 f4 19. Bf2 Rf7 20. Nb5 Bf8 21. Rfd1 Kg7 22.
Qc3 Nh7 23. Rac1 Nhf6 24. c5 dxc5 25. bxc5 Bxc5 26. Bxc5 bxc5 27. d6 c6 28. Nc7
Kh7 29. Nxa8 Qxa8 30. Qb3 Kg7 31. Qe6 Qa7 32. Bc4 Rf8 33. Qe7+ Kh8 34. Rd2 Qb7
35. Rdd1 Qb2 36. Be6 1-0

[Event "CAN op"]
[Site "Hamilton CAN"]
[Date "2022.07.13"]
[Round "3.51"]
[White "Zhu, Isabelle"]
[Black "Li, Adam"]
[Result "0-1"]
[WhiteElo "1179"]
[BlackElo "1942"]
[PlyCount "64"]
[EventDate "2022.07.12"]
[EventType "swiss"]
[EventRounds "9"]
[EventCountry "CAN"]

1. d4 d5 2. c4 e6 3. Nc3 Nf6 4. Nf3 Be7 5. Bf4 O-O 6. h3 b6 7. e3 Bb7 8. Rc1
Nbd7 9. Be2 dxc4 10. Bxc4 c5 11. O-O cxd4 12. exd4 a6 13. Be2 b5 14. a3 Nb6 15.
Ne5 Nfd5 16. Nxd5 Nxd5 17. Bg3 Bd6 18. Bf3 f6 19. Nc6 Bxc6 20. Rxc6 Bxg3 21.
fxg3 Ne3 22. Qb3 Nxf1 23. Kxf1 Kh8 24. Rxe6 Rc8 25. d5 Re8 26. Rxa6 Rc1+ 27.
Bd1 Re5 28. Kf2 Rxd5 29. Bf3 Rd2+ 30. Be2 Qd4+ 31. Qe3 Rxe2+ 32. Kxe2 Qd1+ 0-1

[Event "CAN op"]
[Site "Hamilton CAN"]
[Date "2022.07.13"]
[Round "3.54"]
[White "Hettigama, Thusitha"]
[Black "Ruelland, Geoffrey"]
[Result "1/2-1/2"]
[WhiteElo "1711"]
[BlackElo "2086"]
[PlyCount "38"]
[EventDate "2022.07.12"]
[EventType "swiss"]
[EventRounds "9"]
[EventCountry "CAN"]

1. c4 g6 2. Nf3 c5 3. d4 cxd4 4. Nxd4 Bg7 5. Nc3 Nf6 6. e4 d6 7. h3 Nc6 8. Be3
Bd7 9. Be2 O-O 10. O-O Nxd4 11. Bxd4 Bc6 12. Bf3 Re8 13. Qe2 e6 14. Rfd1 Qa5
15. a3 Qg5 16. Be3 Qe5 17. Bd4 Qg5 18. Be3 Qe5 19. Bd4 Qg5 1/2-1/2

[Event "CAN op"]
[Site "Hamilton CAN"]
[Date "2022.07.13"]
[Round "3.55"]
[White "England, Max"]
[Black "Zhong, Ryan Yunhui"]
[Result "1-0"]
[WhiteElo "2084"]
[BlackElo "1480"]
[PlyCount "57"]
[EventDate "2022.07.12"]
[EventType "swiss"]
[EventRounds "9"]
[EventCountry "CAN"]

1. e4 c5 2. d4 cxd4 3. c3 Nf6 4. e5 Nd5 5. cxd4 e6 6. Nc3 Nxc3 7. bxc3 Nc6 8.
Nf3 Qc7 9. Bd2 d6 10. exd6 Bxd6 11. Bd3 Ne7 12. Qb3 Ng6 13. h4 Bf4 14. h5 Bxd2+
15. Nxd2 Nf4 16. Be4 O-O 17. g3 Nd5 18. c4 Nf6 19. h6 Nxe4 20. hxg7 Rd8 21.
Nxe4 Rxd4 22. Nf6+ Kxg7 23. Ne8+ Kg8 24. Nxc7 Rb8 25. Qe3 Rxc4 26. Qxa7 Rxc7
27. Qxb8 Rc4 28. Rd1 Kg7 29. Rh4 1-0

[Event "CAN op"]
[Site "Hamilton CAN"]
[Date "2022.07.13"]
[Round "3.56"]
[White "Chen, Ricky"]
[Black "Berengolts, Isaac"]
[Result "0-1"]
[WhiteElo "1709"]
[BlackElo "2042"]
[PlyCount "78"]
[EventDate "2022.07.12"]
[EventType "swiss"]
[EventRounds "9"]
[EventCountry "CAN"]

1. e4 c5 2. Nf3 g6 3. c3 Bg7 4. d4 cxd4 5. cxd4 d6 6. Nc3 Nc6 7. Be2 Nf6 8. O-O
O-O 9. h3 Re8 10. Be3 e5 11. Qc2 exd4 12. Nxd4 Qe7 13. Bf3 Bd7 14. Rfd1 a6 15.
Qd2 Ne5 16. Be2 b5 17. Nf3 b4 18. Nd5 Nxd5 19. exd5 Nxf3+ 20. Bxf3 a5 21. Bd4
Rac8 22. Bxg7 Kxg7 23. Re1 Qf6 24. Rxe8 Rxe8 25. Rc1 Bxh3 26. a3 Rb8 27. axb4
Rxb4 28. b3 Rxb3 29. Qxa5 Rxf3 30. Qa1 Qxa1 31. Rxa1 Bxg2 32. Kxg2 Rd3 33. Ra5
Kf6 34. f3 h5 35. Kg3 Rd4 36. f4 Kf5 37. Ra7 f6 38. Rg7 Rxd5 39. Kh4 Rd4 0-1

[Event "CAN op"]
[Site "Hamilton CAN"]
[Date "2022.07.13"]
[Round "3.57"]
[White "Schneider, Mitchell"]
[Black "Jiang, Kate"]
[Result "1-0"]
[WhiteElo "1684"]
[BlackElo "1982"]
[PlyCount "111"]
[EventDate "2022.07.12"]
[EventType "swiss"]
[EventRounds "9"]
[EventCountry "CAN"]

1. d4 d5 2. c4 c6 3. cxd5 cxd5 4. Nc3 Nc6 5. Nf3 Nf6 6. Bf4 Bf5 7. e3 e6 8. a3
Qb6 9. Be2 Be7 10. O-O O-O 11. h3 Na5 12. Na4 Qb3 13. Nd2 Qxd1 14. Bxd1 Rac8
15. b4 Nc4 16. Nxc4 dxc4 17. Rc1 a5 18. Nb6 Rc6 19. bxa5 Bxa3 20. Rxc4 Bd3 21.
Rxc6 bxc6 22. Bf3 Bxf1 23. Kxf1 Bb4 24. a6 Ba5 25. Nc4 Ra8 26. Nxa5 Rxa6 27.
Nxc6 Kf8 28. g4 Nd5 29. Bxd5 exd5 30. Nb4 Ra5 31. Bd6+ Ke8 32. Bc5 Kd7 33. Nxd5
Ra6 34. Kg2 Ra2 35. Bf8 g6 36. Nf6+ Ke6 37. Nxh7 f6 38. Bc5 Rb2 39. Nf8+ Kf7
40. Nd7 Ke6 41. Nb6 Rb5 42. d5+ Kf7 43. Bd4 Ke7 44. e4 Kd6 45. Nc8+ Kd7 46. Na7
Rb4 47. Nc6 Ra4 48. f3 f5 49. gxf5 gxf5 50. h4 Ra8 51. h5 Rg8+ 52. Kf2 Rf8 53.
Bg7 Ra8 54. h6 f4 55. h7 Ra2+ 56. Kg1 1-0

[Event "CAN op"]
[Site "Hamilton CAN"]
[Date "2022.07.13"]
[Round "3.58"]
[White "Jiang, David"]
[Black "Hua, Michelle"]
[Result "0-1"]
[WhiteElo "1678"]
[BlackElo "1930"]
[PlyCount "132"]
[EventDate "2022.07.12"]
[EventType "swiss"]
[EventRounds "9"]
[EventCountry "CAN"]

1. d4 d5 2. c4 e6 3. Nc3 Nf6 4. Nf3 Be7 5. e3 b6 6. Bd3 Bb7 7. O-O Nbd7 8. cxd5
exd5 9. Re1 O-O 10. e4 dxe4 11. Nxe4 Re8 12. Qc2 Rc8 13. Bf4 Nd5 14. Qd2 Nf8
15. Bb5 c6 16. Bc4 Ng6 17. Bg3 Rf8 18. a3 f5 19. Neg5 Bxg5 20. Nxg5 f4 21. Ne6
Qf6 22. Nxf8 Rxf8 23. Bxf4 Ngxf4 24. Qe3 g6 25. Rad1 Kg7 26. Qe5 Bc8 27. f3
Qxe5 28. dxe5 Be6 29. g3 Nh3+ 30. Kg2 Ndf4+ 31. gxf4 Nxf4+ 32. Kg3 Bxc4 33.
Rd7+ Kh6 34. Re4 Nh5+ 35. Kf2 Bd5 36. Re3 Nf4 37. Rxa7 b5 38. a4 bxa4 39. Rxa4
Ne6 40. Kg3 Rb8 41. Re2 Rb3 42. Ra3 Rb4 43. Rc3 g5 44. Kf2 Kg6 45. Rd2 Kf5 46.
Re3 h5 47. Kg3 Rh4 48. h3 Rb4 49. Kg2 Nd4 50. Kg3 h4+ 51. Kg2 Kf4 52. Kf2 c5
53. Rc3 Rb5 54. Re3 Kf5 55. Kg2 Bc6 56. Kf2 Kf4 57. e6 Nxf3 58. Rde2 Nd4 59.
Rd2 Nf5 60. Ra3 Ke5 61. Ra6 Be8 62. Kf3 Rb3+ 63. Kg2 Nd4 64. e7 Rb7 65. Rd1
Rxb2+ 66. Kh1 Nf3 0-1

[Event "CAN op"]
[Site "Hamilton CAN"]
[Date "2022.07.13"]
[Round "3.59"]
[White "Parchizadeh, Ashkan"]
[Black "Baylon, Glenda"]
[Result "1/2-1/2"]
[WhiteElo "1608"]
[BlackElo "1899"]
[PlyCount "85"]
[EventDate "2022.07.12"]
[EventType "swiss"]
[EventRounds "9"]
[EventCountry "CAN"]

1. d4 Nf6 2. c4 g6 3. Nc3 Bg7 4. e4 d6 5. f4 O-O 6. h3 Nbd7 7. Nf3 c5 8. d5 Nh5
9. g4 Ng3 10. Rg1 Bxc3+ 11. bxc3 Nxe4 12. Qc2 Nef6 13. Bd3 e5 14. dxe6 fxe6 15.
Bxg6 Qe7 16. Bd3 e5 17. Bf5 exf4+ 18. Kf2 Ne5 19. Bxf4 Nxf3 20. Kxf3 Bd7 21.
Rae1 Bc6+ 22. Kg3 Qc7 23. Re6 Rad8 24. Rd1 Qf7 25. Rde1 Nh5+ 26. gxh5 Qxf5 27.
Qxf5 Rxf5 28. Kg4 Rdf8 29. Bh6 R8f6 30. Rxf6 Rxf6 31. Bf4 d5 32. cxd5 Bxd5 33.
a3 Be6+ 34. Kg3 Kf7 35. Rd1 Rf5 36. h6 Rd5 37. Rxd5 Bxd5 38. Be3 b6 39. Bf4 a6
40. Bc7 b5 41. Bb6 c4 42. h4 Ke6 43. Kf4 1/2-1/2

[Event "CAN op"]
[Site "Hamilton CAN"]
[Date "2022.07.13"]
[Round "3.60"]
[White "Chychkevych, Bohdan"]
[Black "Zhang, Brian"]
[Result "1/2-1/2"]
[WhiteElo "1580"]
[BlackElo "1842"]
[PlyCount "116"]
[EventDate "2022.07.12"]
[EventType "swiss"]
[EventRounds "9"]
[EventCountry "CAN"]

1. d4 Nf6 2. c4 g6 3. Nc3 Bg7 4. e4 d6 5. Nf3 O-O 6. h3 Nfd7 7. Be3 e5 8. d5 f5
9. g3 Nf6 10. Bd3 Nh5 11. exf5 gxf5 12. Nh4 Nf4 13. Bc2 Ng6 14. Nxg6 hxg6 15.
Qd2 Nd7 16. O-O-O e4 17. h4 Ne5 18. Qe2 b6 19. Bg5 Qe8 20. Nb5 Qf7 21. Nd4 Ba6
22. b3 Rae8 23. Ne6 Rxe6 24. dxe6 Qxe6 25. Rhe1 Qf7 26. Qe3 Nf3 27. Re2 Re8 28.
Bb1 Qe6 29. Qxf3 exf3 30. Rxe6 Rxe6 31. Be3 Bb7 32. h5 Kh7 33. hxg6+ Kxg6 34.
g4 Be4 35. Rg1 Bf6 36. gxf5+ Kxf5 37. Rg3 Ke5 38. Bxe4 Kxe4 39. Kc2 Be7 40.
Rg4+ Ke5 41. Kd3 d5 42. cxd5 Kxd5 43. Rd4+ Kc6 44. Rc4+ Kd7 45. Rf4 Rf6 46.
Rxf6 Bxf6 47. Ke4 Ke6 48. Kxf3 Kf5 49. Ke2 Ke4 50. f3+ Ke5 51. Kd3 Kd5 52. Bf4
c5 53. Bc7 b5 54. Ba5 Be5 55. Bd2 a6 56. Be3 Bf6 57. Bd2 Be5 58. Be3 Bf6
1/2-1/2

[Event "CAN op"]
[Site "Hamilton CAN"]
[Date "2022.07.13"]
[Round "3.61"]
[White "Supsup, Ferdinand"]
[Black "Katrib, Jordan"]
[Result "1-0"]
[WhiteElo "1810"]
[BlackElo "1344"]
[PlyCount "71"]
[EventDate "2022.07.12"]
[EventType "swiss"]
[EventRounds "9"]
[EventCountry "CAN"]

1. d4 Nf6 2. Nc3 e6 3. Bf4 b6 4. e3 Bb7 5. Nf3 Be7 6. Bd3 d6 7. h4 Nc6 8. a3 h6
9. Qd2 Qd7 10. Rg1 Nd5 11. Nxd5 exd5 12. O-O-O O-O-O 13. g4 Kb8 14. Kb1 g6 15.
Rc1 Rde8 16. Bb5 Qe6 17. Ka1 Bf8 18. c4 dxc4 19. Bxc4 d5 20. Bb5 Rc8 21. g5 h5
22. Qc2 Na5 23. Bxc7+ Ka8 24. Qa4 Nc4 25. Bd7 Qe7 26. Bxc8 Bxc8 27. Be5 Nxe5
28. Nxe5 Bg7 29. Nd3 Bb7 30. Rc3 Rd8 31. Rgc1 Bf8 32. Nb4 a5 33. Rc7 Qe6 34.
Nc6 Re8 35. Qb5 Bc5 36. Qa6+ 1-0

[Event "CAN op"]
[Site "Hamilton CAN"]
[Date "2022.07.13"]
[Round "3.62"]
[White "Buscar, Bernard"]
[Black "Xu, Hannah"]
[Result "1/2-1/2"]
[WhiteElo "1789"]
[BlackElo "1295"]
[PlyCount "73"]
[EventDate "2022.07.12"]
[EventType "swiss"]
[EventRounds "9"]
[EventCountry "CAN"]

1. d4 Nf6 2. c4 g6 3. Nc3 Bg7 4. Nf3 d6 5. h3 Nbd7 6. e3 c5 7. Bd3 O-O 8. O-O
b6 9. Rb1 Bb7 10. d5 Kh8 11. Bd2 Ng8 12. e4 Ne5 13. Be2 Nxf3+ 14. Bxf3 Nf6 15.
Qc1 Nd7 16. Bh6 Ne5 17. Bxg7+ Kxg7 18. Be2 Ba6 19. b3 Qc8 20. a4 Bb7 21. Nb5
Qd8 22. f4 Nd7 23. f5 Ne5 24. Rf2 a6 25. Nc3 h6 26. Qe3 g5 27. Rbf1 f6 28. Qg3
Rh8 29. Bh5 Bc8 30. Nd1 Bd7 31. Ne3 Be8 32. Bxe8 Qxe8 33. Ng4 Nd7 34. Qc3 a5
35. Ne3 h5 36. g3 h4 37. g4 1/2-1/2

[Event "CAN op"]
[Site "Hamilton CAN"]
[Date "2022.07.13"]
[Round "3.63"]
[White "Faizy, Mohammed"]
[Black "Zhang, Michelle"]
[Result "1-0"]
[WhiteElo "1503"]
[BlackElo "1756"]
[PlyCount "95"]
[EventDate "2022.07.12"]
[EventType "swiss"]
[EventRounds "9"]
[EventCountry "CAN"]

1. e4 e6 2. d4 d5 3. Nc3 dxe4 4. Nxe4 Nd7 5. Nf3 Be7 6. Bd3 Ngf6 7. Qe2 O-O 8.
Bg5 Nxe4 9. Bxe7 Qxe7 10. Bxe4 Nf6 11. Bd3 Rd8 12. O-O-O a5 13. Ne5 Bd7 14. c4
c5 15. dxc5 Qxc5 16. Kb1 a4 17. a3 Rab8 18. g4 Bc6 19. Rhg1 Nd7 20. f4 Nxe5 21.
fxe5 Rd7 22. Rg3 Rbd8 23. Rh3 g6 24. Re1 Rd4 25. Qe3 Qf8 26. Qe2 Rf4 27. Ka1
Rdd4 28. Rg3 b6 29. h4 Qa8 30. h5 Bf3 31. Qc2 Rxg4 32. Rh3 Be4 33. hxg6 fxg6
34. Qh2 h5 35. Bxe4 Rdxe4 36. Rh1 Qe8 37. Qf2 Rxe5 38. Qxb6 Rg2 39. Rd1 Qf8 40.
Rd8 Re1+ 41. Ka2 Rgg1 42. Rxf8+ Kxf8 43. Rf3+ Kg7 44. Qa7+ Kh6 45. Qxa4 e5 46.
Qe8 e4 47. Qf8+ Kg5 48. Qf4# 1-0

[Event "CAN op"]
[Site "Hamilton CAN"]
[Date "2022.07.13"]
[Round "3.66"]
[White "Mullur, Neerav"]
[Black "Loadman, Ian"]
[Result "0-1"]
[WhiteElo "1459"]
[BlackElo "2086"]
[PlyCount "48"]
[EventDate "2022.07.12"]
[EventType "swiss"]
[EventRounds "9"]
[EventCountry "CAN"]

1. e4 e5 2. Nf3 Nc6 3. Bc4 Nf6 4. d4 exd4 5. O-O Nxe4 6. Re1 d5 7. Bxd5 Qxd5 8.
Nc3 Qh5 9. Nxe4 Be6 10. Neg5 O-O-O 11. Nxe6 fxe6 12. Bf4 Bd6 13. Bxd6 Rxd6 14.
b4 Nxb4 15. Re5 Qe8 16. Ng5 Kb8 17. Rb1 Rb6 18. Qe1 Nxc2 19. Qd1 Nb4 20. a3 Nc6
21. Rxe6 Qd7 22. Rc1 h6 23. Qh5 Rd8 24. Rexc6 Rxc6 0-1

[Event "CAN op"]
[Site "Hamilton CAN"]
[Date "2022.07.13"]
[Round "3.67"]
[White "Liu, Henry"]
[Black "Bolduc, Jacques"]
[Result "1/2-1/2"]
[WhiteElo "2041"]
[BlackElo "1460"]
[PlyCount "105"]
[EventDate "2022.07.12"]
[EventType "swiss"]
[EventRounds "9"]
[EventCountry "CAN"]

1. c4 Nf6 2. Nc3 e6 3. g3 Bb4 4. Bg2 O-O 5. Qb3 Bxc3 6. Qxc3 Nc6 7. d4 d5 8.
Bg5 h6 9. Bxf6 Qxf6 10. e3 dxc4 11. Ne2 Bd7 12. O-O Rab8 13. Qxc4 Rfc8 14. Rac1
Ne7 15. Nc3 Bc6 16. e4 Ng6 17. b3 a6 18. e5 Qd8 19. Bxc6 bxc6 20. Rfd1 Ne7 21.
Qxa6 Rb6 22. Qc4 Ra8 23. Ra1 Rab8 24. Rac1 Rb4 25. Qd3 Qd7 26. Ne2 Rd8 27. Qc3
Rb6 28. Nf4 Ra8 29. Rd2 Rba6 30. Rcc2 Ra3 31. g4 R8a6 32. Nd3 Qe8 33. Nc5 Nd5
34. Qb2 Rxa2 35. Qxa2 Rxa2 36. Rxa2 Qb8 37. Ra6 Qb4 38. Raa2 Nc3 39. Ra8+ Kh7
40. Rd8 Nd5 41. Rxd5 cxd5 42. Rd1 Qc3 43. Kg2 Qc2 44. Rd3 Qe2 45. h3 g6 46. Rf3
Kg7 47. Re3 Qd2 48. Rd3 Qg5 49. Kg3 h5 50. f4 h4+ 51. Kf3 Qe7 52. g5 Qe8 53.
Kg4 1/2-1/2

[Event "CAN op"]
[Site "Hamilton CAN"]
[Date "2022.07.13"]
[Round "3.68"]
[White "Chen, Vincent"]
[Black "Palsson, Halldor"]
[Result "1-0"]
[WhiteElo "1445"]
[BlackElo "1962"]
[PlyCount "47"]
[EventDate "2022.07.12"]
[EventType "swiss"]
[EventRounds "9"]
[EventCountry "CAN"]

1. e4 e6 2. d4 d5 3. exd5 exd5 4. c4 Nf6 5. Nc3 Be7 6. Nf3 O-O 7. Be2 Nc6 8.
O-O Bg4 9. h3 Bh5 10. cxd5 Nxd5 11. Qb3 Nb6 12. a3 Bxf3 13. Bxf3 Nxd4 14. Qd1
Nxf3+ 15. Qxf3 c6 16. Bf4 Qd4 17. Rad1 Qc4 18. Rfe1 Bf6 19. Re4 Qb3 20. Bh6
Qxb2 21. Qxf6 gxf6 22. Rg4+ Kh8 23. Bg7+ Kg8 24. Bxf6# 1-0

[Event "CAN op"]
[Site "Hamilton CAN"]
[Date "2022.07.13"]
[Round "3.69"]
[White "Finlay, Ian"]
[Black "Zhong, April Yunwei"]
[Result "1-0"]
[WhiteElo "1914"]
[BlackElo "1452"]
[PlyCount "107"]
[EventDate "2022.07.12"]
[EventType "swiss"]
[EventRounds "9"]
[EventCountry "CAN"]

1. g3 g6 2. Bg2 Bg7 3. d3 d6 4. Nf3 c5 5. e4 Nc6 6. c3 e5 7. O-O Nge7 8. Nbd2
O-O 9. a4 h6 10. Nc4 Be6 11. Nfd2 f5 12. exf5 Bxf5 13. Qe2 b6 14. Ne3 Be6 15.
h4 Qd7 16. Kh2 Rad8 17. Nf3 d5 18. Nc2 Bg4 19. Ne3 e4 20. dxe4 dxe4 21. Nxg4
Qxg4 22. Qc4+ Kh7 23. Ng1 Nf5 24. Qxe4 Qxe4 25. Bxe4 Ne5 26. Kg2 Nc4 27. Nf3
Rf7 28. h5 Rf6 29. hxg6+ Kh8 30. Bxf5 Rxf5 31. Nh4 Rh5 32. Rb1 Bf6 33. Nf3 Kg7
34. Bf4 Kxg6 35. Rh1 Rxh1 36. Rxh1 h5 37. b3 Nb2 38. Ne5+ Bxe5 39. Bxe5 Nd3 40.
Bc7 Rd7 41. Bb8 Rb7 42. Bf4 Nxf4+ 43. gxf4 Rd7 44. Rh3 c4 45. bxc4 Rc7 46. f5+
Kxf5 47. Rxh5+ Kg4 48. Rd5 Rxc4 49. Rd4+ Rxd4 50. cxd4 a6 51. f3+ Kf4 52. Kf2
b5 53. axb5 axb5 54. Ke2 1-0

[Event "CAN op"]
[Site "Hamilton CAN"]
[Date "2022.07.13"]
[Round "3.70"]
[White "Hossain, Azher"]
[Black "Bokhout, Peter"]
[Result "1-0"]
[WhiteElo "1424"]
[BlackElo "1852"]
[PlyCount "55"]
[EventDate "2022.07.12"]
[EventType "swiss"]
[EventRounds "9"]
[EventCountry "CAN"]

1. d4 Nf6 2. c4 g6 3. Nf3 Bg7 4. g3 O-O 5. Bg2 d6 6. O-O Nbd7 7. Nc3 e5 8. e4
exd4 9. Nxd4 a5 10. h3 Nc5 11. Be3 Re8 12. Qc2 c6 13. Rad1 Qe7 14. Rfe1 Ne6 15.
Nf3 Rb8 16. Qd2 Rd8 17. Bb6 Rd7 18. Nd5 cxd5 19. exd5 Qe8 20. dxe6 fxe6 21.
Qxa5 Re7 22. Rxd6 Bd7 23. Ne5 Ra8 24. Qb4 Rxa2 25. Qb3 Ra8 26. Bxb7 Rb8 27. Bc7
Ba4 28. Qb6 1-0